000 00764nam a2200253Ia 4500
003 OSt
005 20220918205126.0
006 a|||||r|||| 00| 0
007 ta
008 220917b |||||||| |||| 00| 0 eng d
024 _a115,452
037 _cTextual
040 _aARTS
_cARTS
_beng
041 _2eng
_aeng
082 _aV6:6.N5<-:L5, M8-.3
100 _aTirmizi S A I
_999217
245 0 _aIndian sources for African history
260 _aNew Delhi
_bManohar India
_c1993
490 _aGuide to the sources of the history of nations. Africa south of the Sahara 10/3
500 _aIncludes Index; Bibliography p162-166
650 _aHISTORY
942 _hV6:6.N5<-:L5, M8-.3
_cTEXL
_2CC
999 _c238781
_d238781